Star Wars: Andor - Kino Loy's Speech - Statistics

General Stats
  • This quiz has been taken 120 times
  • The average score is 172 of 276
Answer Stats
Answer % Correct
on
97%
on,
97%
the
97%
a
95%
I
95%
out,
94%
out
94%
out.
94%
out!
94%
is
90%
one
90%
One
90%
way
89%
are,
87%
are
87%
We
87%
we
87%
in
86%
Kino
84%
Loy.
84%
who
84%
of
83%
to
83%
men
79%
They
79%
they
79%
no
78%
you
78%
You
78%
Five.
76%
My
76%
name
76%
and
75%
And
75%
I'm
75%
this
75%
Two.
75%
have
73%
know
73%
Level
71%
There
70%
be
68%
us
68%
us.
68%
Eight.
67%
floor
67%
all
65%
All
65%
control
65%
that
65%
when
63%
day
62%
don't
62%
go
62%
what
62%
fight
60%
from
60%
it
60%
it.
60%
manager
60%
them
60%
will
60%
die
59%
our
59%
shift
59%
speaking
59%
at
57%
get,
57%
get
57%
Get
57%
guards
57%
here
57%
now,
57%
now
57%
prison
56%
up
56%
up,
56%
enough
54%
facility.
54%
hundred
54%
kill.
54%
chance
52%
moment,
52%
can
51%
climb,
51%
than
51%
work.
51%
as
49%
If
49%
your
49%
command
48%
floors
48%
fried
46%
How
46%
how
46%
never
46%
stop
46%
take
46%
want.
46%
cold.
44%
rather
44%
time.
44%
would
44%
center
41%
every
41%
help
41%
sentences
41%
some
41%
too
41%
trying
41%
many
40%
other
40%
other.
40%
until
40%
better
37%
keep
37%
long
37%
make
37%
right
37%
Right
37%
run,
37%
see
37%
today.
37%
cells,
35%
making
35%
wait
35%
deactivated
33%
giving
33%
put
33%
transferred
33%
down
32%
each
32%
far
32%
hard
32%
need
32%
ours.
32%
say
32%
been
30%
behind
30%
being
30%
building
30%
figure
30%
knows
30%
late.
30%
it'll
29%
place
29%
released,
29%
someone
29%
half
27%
moving
27%
ends
25%
happening.
25%
home
25%
Wherever
25%
working,
25%
along.
24%
outside
24%
we've
24%
what's
24%
hang
22%
climbing.
21%
lost,
21%
who's
21%
start
19%
confused,
17%
charge
16%
5,000
13%
No matching quizzes found
Score Distribution
Percent of People with Each Score
Percentile by Number Answered
Your Score History
You have not taken this quiz